000
00256nam a22001097a 4500
082
_a
621.381958HAR
100
_a
Harry
245
_a
Introduction to microprocessor sytem design
260
_a
New Delhi
_b
Tata McGraw Hill
_c
1979
300
_a
192
942
_c
BK
999
_c
14799
_d
14799